International trade in cotton textiles and the developing countries: problems and prospects, report (Record no. 497850)

000 -LEADER
fixed length control field 00468cam a22001097a 4500
008 - FIXED-LENGTH DATA ELEMENTS--GENERAL INFORMATION
fixed length control field 180718b1974 xxu||||| |||| 00| 0 eng d
082 ## - DEWEY DECIMAL CLASSIFICATION NUMBER
Classification number T39 Un3int
245 ## - TITLE STATEMENT
Title International trade in cotton textiles and the developing countries: problems and prospects, report
Statement of responsibility, etc. by United Nations Conference on Trade and Development, Switzerland
260 ## - PUBLICATION, DISTRIBUTION, ETC.
Place of publication, distribution, etc. New York
Name of publisher, distributor, etc. United Nations
Date of publication, distribution, etc. 1974
300 ## - PHYSICAL DESCRIPTION
Extent 86+p
700 ## - ADDED ENTRY--PERSONAL NAME
Personal name Switzerland. United Nations Conference on Trade and Development
Holdings
Withdrawn status Lost status Damaged status Not for loan Permanent Location Current Location Date acquired Full call number Barcode Date last seen Price effective from Koha item type
        Indian Institute of Public Administration Indian Institute of Public Administration 2018-08-04 T39 Un3int G12768 2018-08-04 2018-08-04 G

Powered by Koha